Sustainable aquaculture / (Record no. 55231)
[ view plain ]
| 000 -LEADER | |
|---|---|
| fixed length control field | 00764nam a2200253 a 4500 |
| 001 - CONTROL NUMBER | |
| control field | 55231 |
| 003 - CONTROL NUMBER IDENTIFIER | |
| rucl marc code | BD-RjUL |
| 005 - DATE AND TIME OF LATEST TRANSACTION | |
| control field | 20211209080233.0 |
| 008 - FIXED-LENGTH DATA ELEMENTS--GENERAL INFORMATION | |
| fixed length control field | 161115s2002 ii ||||| |||| 00| 0 eng d |
| 020 ## - INTERNATIONAL STANDARD BOOK NUMBER | |
| International Standard Book Number | 8176483303 |
| 035 ## - SYSTEM CONTROL NUMBER | |
| System control number | (BD-RjUL) 55353 |
| 040 ## - CATALOGING SOURCE | |
| Original cataloging agency | BD-RjUL |
| Language of cataloging | eng |
| Transcribing agency | BD-RjUL |
| 041 ## - LANGUAGE CODE | |
| Language code of text/sound track or separate title | eng |
| 082 ## - DEWEY DECIMAL CLASSIFICATION NUMBER | |
| Edition number | 23 |
| Classification number | 639.8 |
| Author mark and year | SUS 2002 |
| 245 10 - TITLE STATEMENT | |
| Title | Sustainable aquaculture / |
| Statement of responsibility, etc. | Edited by Dinabandhu Sahoo, S. Z. Qasim |
| 260 ## - PUBLICATION, DISTRIBUTION, ETC. (IMPRINT) | |
| Place of publication, distribution, etc. | New Delhi : |
| Name of publisher, distributor, etc. | A.P.H. Pub., |
| Date of publication, distribution, etc. | 2002. |
| 300 ## - PHYSICAL DESCRIPTION | |
| Pagination | xxix, 230 p. : |
| Illustrations | ill. ; |
| Size | 20 cm |
| 650 ## - SUBJECT ADDED ENTRY--TOPICAL TERM | |
| Topical term or geographic name as entry element | Sustainable fisheries |
| 9 (RLIN) | 163827 |
| Topical term or geographic name as entry element | Aquaculture |
| General subdivision | Environmental aspects |
| 9 (RLIN) | 164550 |
| Topical term or geographic name as entry element | Aquaculture |
| General subdivision | Management |
| 9 (RLIN) | 163828 |
| 700 ## - ADDED ENTRY--PERSONAL NAME | |
| Personal name | Sahoo, Dinabandhu |
| Personal name | Qasim, S. Z. |
| 942 ## - ADDED ENTRY ELEMENTS (KOHA) | |
| Source of classification or shelving scheme | Dewey Decimal Classification |
| Koha item type | Books |
| Lost status | Source of classification or shelving scheme | Damaged status | Not for loan | Collection code | Permanent Location | Current Location | Shelving location | Date acquired | Source of acquisition | Cost, normal purchase price | Total Checkouts | Full call number | Date last seen | Copy number | Koha item type |
|---|---|---|---|---|---|---|---|---|---|---|---|---|---|---|---|
| Dewey Decimal Classification | Non-fiction | Central Library, University of Rajshahi | Central Library, University of Rajshahi | 21/12/2005 | Dhaka,Paragon Enterprise Lit., | 595.00 | 639.8 SUS 2002 | 15/11/2016 | C-2 | Books | |||||
| Dewey Decimal Classification | Not For Loan | Non-fiction | Central Library, University of Rajshahi | Central Library, University of Rajshahi | Reading Room | 21/12/2005 | Dhaka, Paragon enterprise ltd. | 595.00 | 639.8 SUS 2002 | 25/03/2017 | C-1 | Books | |||
| Dewey Decimal Classification | Non-fiction | Central Library, University of Rajshahi | Central Library, University of Rajshahi | 21/12/2005 | Dhaka, Paragon Enterprises ltd. | 595.00 | 639.8 SUS 2002 | 07/06/2017 | C-3 | Books |